STORY TIME 3 YEARS OLD (Record no. 4663)
[ view plain ]
| 000 -LEADER | |
|---|---|
| fixed length control field | 00304nam a22001457a 4500 |
| 020 ## - INTERNATIONAL STANDARD BOOK NUMBER | |
| ISBN | 0-7214-1098-7 |
| 082 ## - DEWEY DECIMAL CLASSIFICATION NUMBER | |
| Classification number | 823 |
| Item number | STI/S |
| 100 ## - MAIN ENTRY--AUTHOR NAME | |
| Personal name | STIMSON, JOAN |
| 245 ## - TITLE STATEMENT | |
| Title | STORY TIME 3 YEARS OLD |
| 250 ## - EDITION STATEMENT | |
| Edition statement | 1 |
| 260 ## - PUBLICATION, DISTRIBUTION, ETC. (IMPRINT) | |
| Place of publication | UK |
| Name of publisher | LADYBIRD |
| 300 ## - PHYSICAL DESCRIPTION | |
| Number of Pages | 43 |
| 650 ## - SUBJECT ADDED ENTRY--TOPICAL TERM | |
| Topical Term | ENGLISH SHORT STORY |
| Geographic subdivision | UK |
| 942 ## - ADDED ENTRY ELEMENTS (KOHA) | |
| Koha item type | Books |
| Withdrawn status | Lost status | Collection code | Home library | Current library | Shelving location | Date acquired | Source of acquisition | Full call number | Accession Number | Koha item type |
|---|---|---|---|---|---|---|---|---|---|---|
| Fiction | Main Library | Main Library | SHELF-3-H-LADYBIRD STORY BOOKS | 06/12/2038 | PURCHASE | 823 STI/S | 06672 | Books |